|
|
|
|
| LEADER |
01337nam a2200289 a 4500 |
| 001 |
16079427 |
| 008 |
121009s2011 enka b 001 0 eng d |
| 010 |
|
|
|a 2010290946
|
| 020 |
|
|
|a 9780199573288 (hbk.)
|
| 020 |
|
|
|a 9780199606276
|
| 040 |
|
|
|a UKM
|c UKM
|d YDXCP
|d BTCTA
|d BWKUK
|d YLS
|d CDX
|d DLC
|d BD-DhAAL
|
| 082 |
0 |
0 |
|a 363.738/74
|2 22
|
| 245 |
0 |
4 |
|a The economics and politics of climate change /
|c edited by Dieter Helm and Cameron Hepburn.
|
| 260 |
|
|
|a Oxford ;
|a New York :
|b Oxford University Press,
|c 2011.
|
| 300 |
|
|
|a xxvi, 538 p. :
|b ill. ;
|c 25 cm.
|
| 504 |
|
|
|a Includes bibliographical references (p. [478]-520) and index.
|
| 541 |
1 |
|
|e 00025980
|
| 650 |
|
0 |
|a Climatic changes
|x Economic aspects.
|
| 650 |
|
0 |
|a Climatic changes
|x Government policy.
|
| 650 |
|
0 |
|a Climatic changes
|x International cooperation.
|
| 650 |
|
0 |
|a Environmental economics.
|
| 700 |
1 |
|
|a Helm, Dieter.
|
| 700 |
1 |
|
|a Hepburn, Cameron,
|d 1976-
|
| 852 |
1 |
|
|a Ayesha Abed Library
|j General shelf
|
| 999 |
|
|
|c 12895
|d 12895
|
| 952 |
|
|
|0 0
|1 0
|4 0
|6 363_738740000000000_ECO
|7 0
|9 21267
|a BRACUL
|b BRACUL
|c GEN
|d 2012-10-09
|e BRACU VC Office
|g 3298.00
|l 4
|m 8
|o 363.73874 ECO
|p 3010025980
|r 2026-04-20
|s 2026-02-25
|t 1
|w 2012-10-09
|y BK
|
| 952 |
|
|
|0 0
|1 0
|2 ddc
|4 0
|6 363_738740000000000_ECO
|7 0
|9 52580
|a C3ER
|b C3ER
|c GEN
|d 2015-02-11
|e C3R
|l 0
|o 363.73874 ECO
|p 3010028885
|r 2015-02-11
|t 2
|w 2015-02-11
|y BK
|